00425nam a2200169Ia 4500008004100000020001800041245003500059245004500094260001500139260001600154260000900170300001400179300002500193300001000218500000800228999001900236170705s9999 xx 000 0 und d a9780439216487 aClick, clack, splish, splash / cDoreen Cronin ; pictures by Betsy Lewin. aNew York : bScholastic, c2006 aunpaged : bcolor illustration ; c23cm. a160 c336779d336779